Los mártires españoles del siglo XIX / (Record no. 196864)

MARC details
000 -LEADER
campo de control de longitud fija 01614nam a2200373 i 4500
001 - NÚMERO DE CONTROL
campo de control 196864
003 - IDENTIFICADOR DE NÚMERO DE CONTROL
campo de control ES-MaACL
005 - FECHA Y HORA DE LA ÚLTIMA TRANSACCIÓN
campo de control 20250726063047.0
007 - CAMPO FIJO DE DESCRIPCIÓN FÍSICA--INFORMACIÓN GENERAL
campo de control de longitud fija ta
008 - DATOS DE LONGITUD FIJA--INFORMACIÓN GENERAL
campo de control de longitud fija 250113q1900 sp a | |||| 000 0 spa
035 ## - NÚMERO DE CONTROL DEL SISTEMA
Número de control de sistema (OCoLC)1061836262
035 ## - NÚMERO DE CONTROL DEL SISTEMA
Número de control de sistema (SpMaBN)a6292699
035 ## - NÚMERO DE CONTROL DEL SISTEMA
Número de control de sistema 991014083989708606
040 ## - FUENTE DE CATALOGACIÓN
Centro catalogador/agencia de origen SpMaBN
Lengua de catalogación spa
Centro/agencia transcriptor SpMaBN
Normas de descripción rdc
080 ## - NÚMERO DE LA CLASIFICACIÓN DECIMAL UNIVERSAL
Número de la Clasificación Decimal Universal 94(460)"18"
100 1# - ENTRADA PRINCIPAL--NOMBRE DE PERSONA
Nombre de persona Conde de Salazar y Souleret, José,
Fechas asociadas al nombre 1839-1900
Término indicativo de función/relación Autor
9 (RLIN) 239454
245 14 - MENCIÓN DEL TÍTULO
Título Los mártires españoles del siglo XIX /
Mención de responsabilidad, etc. por J. Conde de Salazar y Souleret
260 ## - PUBLICACIÓN, DISTRIBUCIÓN, ETC.
Lugar de publicación, distribución, etc. Madrid :
Nombre del editor, distribuidor, etc. Juan Muñoz Sánchez,
Fecha de publicación, distribución, etc. [ca. 1900]
300 ## - DESCRIPCIÓN FÍSICA
Extensión 2 volúmenes ;
Dimensiones 23 cm
336 ## - TIPO DE CONTENIDO
Término de tipo de contenido Texto (visual)
Fuente isbdcontent
337 ## - TIPO DE MEDIO
Nombre/término del tipo de medio sin mediación
Fuente isbdmedia
338 ## - TIPO DE SOPORTE
Fuente rdacarrier
Nombre/término del tipo de soporte volumen
500 ## - NOTA GENERAL
Nota general Índice
505 0# - NOTA DE CONTENIDO CON FORMATO
Nota de contenido con formato Vol. II (1007 p., [5] h. de lám.) - v. III (1036 p., [5] h. de lám.)
650 #4 - PUNTO DE ACCESO ADICIONAL DE MATERIA--TÉRMINO DE MATERIA
Término de materia o nombre geográfico como elemento de entrada Mártires-
Subdivisión geográfica España-
Subdivisión cronológica S.XIX
9 (RLIN) 241398
651 #4 - PUNTO DE ACCESO ADICIONAL DE MATERIA--NOMBRE GEOGRÁFICO
Nombre geográfico España-
Subdivisión general Historia eclesiástica-
Subdivisión cronológica S.XIX
9 (RLIN) 158820
852 ## - LOCALIZACIÓN
Ubicación ES-MaACL
Ubicación en estantería Sala Pecera Planta 3
Marcas de propiedad Ex-libris ms. en anteportada: "Es propiedad de Gregorio Mota Holguín, 16 septiembre 1906"
Número de control de estantería G-16025
Designación de la unidad física v. 2
Encuadernación Holandesa
itemnumber 204531
852 ## - LOCALIZACIÓN
Ubicación ES-MaACL
Ubicación en estantería Sala Pecera Planta 3
Marcas de propiedad Ex-libris ms. en anteportada: "Es propiedad de Gregorio Mota Holguín, 16 septiembre 1906"
Número de control de estantería G-16026
Designación de la unidad física v. 3
Encuadernación Holandesa
itemnumber 204532
856 4# - LOCALIZACIÓN Y ACCESO ELECTRÓNICOS
Identificador Uniforme de Recursos <a href="https://bvpb.mcu.es/es/consulta/registro.do?id=605327">https://bvpb.mcu.es/es/consulta/registro.do?id=605327</a>
Texto de enlace Versión en línea: 3 v.
Nota pública (Biblioteca Virtual del Patrimonio Bibliográfico)
903 ## - NOMBRE PERSONAL DE DONANTE
a Mota Holguín, Gregorio
e Donante
9 239458
942 ## - ELEMENTOS DE ENTRADA SECUNDARIOS (KOHA)
Suprimir en OPAC No
Tipo de ítem Koha Libro impreso
Holdings
Estatus retirado Estado de pérdida Fuente del sistema de clasificación o colocación Especificación de materiales (volumen encuadernado u otra parte) Estado de daño No para préstamo Colección Biblioteca de origen Biblioteca actual Ubicación en estantería Fecha de adquisición Fuente de adquisición Total de préstamos Signatura topográfica completa Código de barras Visto por última vez Tipo de ítem Koha
    Clasificación decimal universal v. 2     Libros del s. XIX Biblioteca del Ateneo de Madrid Biblioteca del Ateneo de Madrid Sala Pecera Planta 3 13/01/2025 Donación   G-16025 101229346 13/01/2025 Libro impreso
    Clasificación decimal universal v. 3     Libros del s. XIX Biblioteca del Ateneo de Madrid Biblioteca del Ateneo de Madrid Sala Pecera Planta 3 13/01/2025 Donación   G-16026 101229347 13/01/2025 Libro impreso antiguo